| 000 | 00607 a2200181 4500 | ||
|---|---|---|---|
| 003 | Nust | ||
| 005 | 20221108094852.0 | ||
| 020 | _a007990131 | ||
| 040 | _cNust | ||
| 082 | _a511.322,LIP | ||
| 100 |
_aLipschutz, Semour _9102454 |
||
| 245 |
_aSchaum's outline of theory and problems of set theory and related topics / _cSemour Lipschutz |
||
| 260 |
_aSingapore _bMc-Graw Hill _c1964 |
||
| 300 | _a232 p. | ||
| 505 | _aElementary Theory of Sets (Page-1), Cardinals, Ordinals and Transfinite Induction (Page-134), Related Topics (Page-187). | ||
| 650 |
_aSet Theory _939088 |
||
| 942 |
_2ddc _cBK _k511.322,LIP |
||
| 999 |
_c181859 _d181859 |
||